000 00628nam a2200217 a 4500
001 21936
003 CO-ViMGA
008 141112s2004 ck r 000 u spa d
020 _a8447801578
040 _aCO-ViMGA
_bspa
_cCO-ViMGA
082 0 4 _aBARma
100 1 _aBarrena, Pablo
_931367
245 1 0 _aMarieta, dónde estás?
260 _aBarcelona :
_bEl arca,
_c1994
300 _a57
490 _aTren de madera; 8
590 _aForma de adquisición : Compra - - Precio : 5500 - - Proveedor : Cerlac
650 1 4 _aCUENTOS INFANTILES ESPAÑOLES
_9725
650 1 4 _aSUEÑOS - CUENTOS HOLANDESES
_931368
942 _2ddc
_cBK
999 _c30476
_d30476